Relatívne ohodnotenie bánk v rámci Európskej únie
Ohodnotenia komerčných bánk v rámci Európskej únie prostredníctvom porovnania (value deriverov). Ukazovatele price-to-book ratio a P/E ratio na báze zisku položkami (IBXO). Referenčné portfólio obsahujúce len spoločnosti z rovnakej geografie. Trhové ocenie komerčných bánk. Determinant hodnoty veľko...
Salvato in:
| Autore principale: | |
|---|---|
| Natura: | Capitolo di libro |
| Lingua: | slovacco |
| Soggetti: | |
| Tags: |
Nessun Tag, puoi essere il primo ad aggiungerne!!
|
MARC
| LEADER | 00000naa$a2200000$$$4500 | ||
|---|---|---|---|
| 001 | 0113190 | ||
| 005 | 20221107084227.7 | ||
| 041 | 0 | |a slo | |
| 044 | |a SK | ||
| 245 | 1 | 0 | |a Relatívne ohodnotenie bánk v rámci Európskej únie |c Michal Jablonka |
| 520 | |a Ohodnotenia komerčných bánk v rámci Európskej únie prostredníctvom porovnania (value deriverov). Ukazovatele price-to-book ratio a P/E ratio na báze zisku položkami (IBXO). Referenčné portfólio obsahujúce len spoločnosti z rovnakej geografie. Trhové ocenie komerčných bánk. Determinant hodnoty veľkosti banky. | ||
| 610 | 2 | 0 | |a Európska únia |
| 610 | 2 | 0 | |a banky obchodné |
| 610 | 2 | 0 | |a oceňovanie |
| 610 | 2 | 0 | |a štandardy ohodnocovacie medzinárodné |
| 610 | 2 | 0 | |a portfólio |
| 610 | 2 | 0 | |a imanie vlastné |
| 610 | 2 | 0 | |a odhady |
| 610 | 2 | 0 | |a výkaz ziskov a strát |
| 610 | 2 | 0 | |a ukazovatele |
| 100 | 1 | |a Jablonka, Michal | |